Ser... czy włoski malarz? - Statystyki

Ogólne statystyki
  • Ten quiz został rozwiązany 58 razy
  • Średni wynik to 12 z 14
Statystyki odpowiedzi
Zagadnienie Odpowiedź % Poprawnych
Michał Anioł Malarz
100%
Botticelli Malarz
100%
Mascarpone Ser
100%
Ricotta Ser
100%
Caravaggio Malarz
97%
Gorgonzola Ser
97%
Mozzarella Ser
97%
Burrata Ser
97%
Pecorino Ser
90%
Titian Malarz
79%
Giorgione Malarz
76%
Tintoretto Malarz
72%
Giotto Malarz
59%
Asiago Ser
28%
Nie znaleziono quizów pasujących do podanych kryteriów
Rozkład punktacji
Procent ludzi z każdym wynikiem
Percentyl według liczby udzielonych odpowiedzi
Twoja historia wyników
Nie rozwiązałeś tego quizu